<?xml version="1.0" encoding="UTF-8"?>
<record
    xmlns:xsi="http://www.w3.org/2001/XMLSchema-instance"
    xsi:schemaLocation="http://www.loc.gov/MARC21/slim http://www.loc.gov/standards/marcxml/schema/MARC21slim.xsd"
    xmlns="http://www.loc.gov/MARC21/slim">

  <leader>00331    a2200109   4500</leader>
  <controlfield tag="001">ART_32731</controlfield>
  <controlfield tag="005">20260410161841.0</controlfield>
  <controlfield tag="008">260409a                                 </controlfield>
  <datafield tag="245" ind1="1" ind2="0">
    <subfield code="a">Reflexiones introductorias: el municipio en la globalizaci&#xF3;n</subfield>
  </datafield>
  <datafield tag="100" ind1="1" ind2=" ">
    <subfield code="a">Rosatti, Horacio</subfield>
  </datafield>
  <datafield tag="773" ind1="0" ind2=" ">
    <subfield code="t">RAP</subfield>
    <subfield code="g">- A&#xF1;o 37, N&#xBA; 443 (ago. 2015)</subfield>
    <subfield code="w">REV5941</subfield>
  </datafield>
  <datafield tag="999" ind1=" " ind2=" ">
    <subfield code="c">24070</subfield>
    <subfield code="d">24070</subfield>
  </datafield>
</record>
